[Event "Mecklenburg VP VL1819"]
[Site "Mecklenburg VP"]
[Date "2019.03.24"]
[Round "8.8"]
[White "Dombrowski, Frank"]
[Black "Perlick, Eberhard"]
[Result "0-1"]
[WhiteElo "1873"]
[BlackElo "1871"]
[PlyCount "146"]
[EventDate "2018.10.21"]
[EventType "team-tourn"]
[EventRounds "9"]
[EventCountry "GER"]
[SourceTitle "EXT 2022"]
[Source "ChessBase"]
[SourceDate "2021.10.06"]
[SourceVersion "1"]
[SourceVersionDate "2021.10.06"]
[SourceQuality "1"]
[WhiteTeam "Greifswald II"]
[BlackTeam "Graal Mueritz"]
[WhiteTeamCountry "GER"]
[BlackTeamCountry "GER"]

1. c3 e6 2. d4 f5 3. Bf4 Nf6 4. Nf3 d5 5. Nbd2 Bd6 6. e3 0-0 7. Bd3 Bd7 8. 0-0 Be8 9. Bxd6 cxd6 10. Qb3 Qe7 11. c4 dxc4 12. Bxc4 d5 13. Be2 Bh5 14. Rac1 Nc6 15. Bb5 Bxf3 16. Nxf3 Rfc8 17. Bxc6 bxc6 18. Ne5 Qd6 19. Qb7 Qc7 20. Qxc7 Rxc7 21. Rxc6 Rxc6 22. Nxc6 Kf8 23. b4 a6 24. Ne5 Rc8 25. Nd3 Rc2 26. a4 Ra2 27. Nc5 Ne4 28. Nxe6+ Ke7 29. Nxg7 Rxa4 30. f3 Nd6 31. Rb1 Kf7 32. Nh5 Nc4 33. Nf4 Nxe3 34. Rb2 Ra1+ 35. Kf2 Nd1+ 36. Ke2 Nxb2 37. Nxd5 Nc4 38. Kd3 Nd6 39. Kc3 Ra2 40. Nf4 Ra3+ 41. Kb2 Nc4+ 42. Kc2 Ke7 43. h4 Kd6 44. h5 Ne3+ 45. Kb2 Ra4 46. Kb3 Ra1 47. h6 Rh1 48. Ka4 Rxh6 49. Ka5 Nd5 50. Nd3 Nc7 51. Kb6 Nb5 52. Kxa6 Nxd4 53. b5 Kc7+ 54. Ka5 Rb6 55. Kb4 Nxb5 56. Kc5 Nd6 57. Kd5 Kd7 58. Ke5 Ke7 59. g4 Rb3 60. Kd4 Rxd3+ 61. Kxd3 fxg4 62. fxg4 Kf6 63. Ke3 Kg5 64. Kf3 Ne8 65. Kg3 Nf6 66. Kh3 Nxg4 67. Kg3 h5 68. Kh3 h4 69. Kg2 Nf6 70. Kh3 Ne4 71. Kh2 Kg4 72. Kg2 h3+ 73. Kf1 Kg3 0-1

[Event "Mecklenburg VP LL2 Ost 1718"]
[Site "Mecklenburg VP"]
[Date "2018.01.21"]
[Round "5.7"]
[White "Perlick, Eberhard"]
[Black "Moeser, Markus"]
[Result "1-0"]
[WhiteElo "1858"]
[BlackElo "1323"]
[PlyCount "61"]
[EventDate "2017.10.08"]
[EventType "team-tourn"]
[EventRounds "9"]
[EventCountry "GER"]
[SourceTitle "EXT 2022"]
[Source "ChessBase"]
[SourceDate "2021.10.06"]
[SourceVersion "1"]
[SourceVersionDate "2021.10.06"]
[SourceQuality "1"]
[WhiteTeam "Graal Mueritz"]
[BlackTeam "Binz Therme Ruegen"]
[WhiteTeamCountry "GER"]
[BlackTeamCountry "GER"]

1. d4 Nf6 2. Nc3 d5 3. Bg5 e6 4. e4 dxe4 5. Nxe4 Be7 6. Bxf6 Bxf6 7. Nf3 0-0 8. c3 h6 9. Bd3 b6 10. Qc2 Bb7 11. 0-0-0 Be7 12. h4 a5 13. g4 f5 14. gxf5 exf5 15. Ned2 Qc8 16. Rdg1 Bxf3 17. Nxf3 c5 18. Re1 Bd6 19. Bc4+ Kh8 20. Be6 Qb7 21. d5 Nd7 22. c4 b5 23. h5 bxc4 24. Nh4 Ne5 25. Rxe5 Bxe5 26. Ng6+ Kh7 27. Nxe5 Rf6 28. Bxf5+ Kh8 29. Ng6+ Rxg6 30. Bxg6 Qxd5 31. Be4 1-0